Encountering development : the making and unmaking of the third world (Record no. 8712)

MARC details
000 -LEADER
fixed length control field 00720nam a22001577a 4500
008 - FIXED-LENGTH DATA ELEMENTS--GENERAL INFORMATION
fixed length control field 210503b ||||| |||| 00| 0 eng d
020 ## - INTERNATIONAL STANDARD BOOK NUMBER
International Standard Book Number 9780691150451
082 ## - DEWEY DECIMAL CLASSIFICATION NUMBER
Classification number 338.9 ESC
100 ## - MAIN ENTRY--PERSONAL NAME
Personal name Escobar, Arturo
245 ## - TITLE STATEMENT
Title Encountering development : the making and unmaking of the third world
260 ## - PUBLICATION, DISTRIBUTION, ETC.
Place of publication, distribution, etc. Princeton, N.J. :
Name of publisher, distributor, etc. Princeton University Press,
Date of publication, distribution, etc. 2012.
300 ## - PHYSICAL DESCRIPTION
Extent xlvii, 290 p. ;
Dimensions 24 cm.
500 ## - GENERAL NOTE
General note Originally published: 1995. Paperback reissue, with a new preface by the author.<br/>Includes bibliographical references (p. [227]-274) and index.
650 ## - SUBJECT ADDED ENTRY--TOPICAL TERM
Topical term or geographic name entry element Economic development. Economic history--1945- Developing countries--Economic conditions. Developing countries--Social conditions.
942 ## - Added entry Elements (Koha)
Source of classification or shelving scheme Dewey Decimal Classification
Holdings
Withdrawn status Lost status Source of classification or shelving scheme Damaged status Not for loan Collection code Home library Current library Shelving location Date acquired Serial Enumeration / chronology Total Checkouts Total Renewals Full call number Barcode Date last seen Date last checked out Price effective from Koha item type
    Dewey Decimal Classification     Main TEST RTC Library RTC Library Main opac 03/05/2021 15027 4 5 338.9 ESC 30014218 04/04/2022 11/01/2022 03/05/2021 Main
Royal Thimphu College || All Right Reserved